000
00344 a2200157 4500
001
75334
020
_a
9788525058225
040
_c
Anchieta - Colégio São Paulo
100
_a
Brown, Pierce
240
1
0
_a
Fúria vermelha
_l
por
245
1
0
_a
Fúria vermelha
300
_a
467
362
0
_a
2014
650
4
_a
Literatura juvenil
942
_c
BK
999
_c
75334
_d
75334